|
|
|
|
| LEADER |
01394nam a2200241 a 4500 |
| 001 |
00025420 |
| 008 |
120612s2000 bg 000 0 eng |
| 040 |
|
|
|a BD-DhAAL
|c BD-DhAAL
|
| 082 |
0 |
0 |
|a 618.3075
|2 22
|
| 245 |
0 |
0 |
|a গর্ভকালীন এবং প্রসবকালীন জটিলতাসমূহের ব্যবস্থাপনা :
|b মিডওয়াইফ এবং চিকিৎসকদের জন্য একটি সহায়ক পুস্তিকা /
|c মূল গ্রন্থ সংকলন : WHO, UNFPA, UNICEF, World Bank ;বাংলা অনুবাদ প্রকাশনা : জেএসআই, বাংলাদেশ
|
| 246 |
3 |
|
|a ইমপ্যাক গর্ভকালীন এবং প্রসবকালীন সমন্বিত ব্যবস্থাপনা
|
| 260 |
|
|
|a বাংলাদেশ :
|b জেএসআই,
|c ২০০০
|
| 300 |
|
|
|a 1 v. (Various pagings) ;
|c 22 cm.
|
| 541 |
|
|
|e 00025420
|
| 650 |
|
0 |
|a Pregnancy Complications
|x diagnosis.
|
| 650 |
|
0 |
|a Pregnancy Complications
|x therapy.
|
| 710 |
2 |
|
|a WHO
|
| 710 |
2 |
|
|a UNFPA
|
| 710 |
2 |
|
|a UNICEF
|
| 710 |
2 |
|
|a World Bank
|
| 852 |
1 |
|
|a Ayesha Abed Library
|c General shelf.
|
| 999 |
|
|
|c 12425
|d 12425
|
| 952 |
|
|
|0 0
|1 0
|2 ddc
|4 0
|6 618_307500000000000_GOR
|7 0
|9 20564
|a JPGSPH
|b JPGSPH
|c GEN
|d 2012-06-26
|l 0
|o 618.3075 GOR
|p 3060025420
|r 2012-06-26
|t 1
|w 2012-06-26
|y BK
|